000 00797nam a2200217 a 4500
008 100330s2008 ||||||||||||||||| || u
020 _a0071285903
050 _aHD 30.28 Tho
100 _aStrickland, A. J
245 1 0 _aCrafting and executing strategy: the quest for competitive advantage, concepts and cases. -- 16th ed.
250 _a16th ed.
260 _aBoston:
_bMcGraw-Hill
_c2008
300 _axlvi, variant pagings.: ill.
350 _a0.00
650 _aSTRATEGIC PLANNING--CASE STUDIES
650 0 _aMANAGEMENT
650 0 _aSTRATEGIC PLANNING
700 _aGamble, John E
700 _aThompson, Arthur A
995 _D0.00
_FCBU-MAIN LIBRARY (Kitwe)
_H1
_I0.00
_M1
_UOUT
_WApr 13, 2010
_ZMain Library Open Access Collection
999 _c39110
_d39110